书目信息 |
| 题名: |
中外景观
|
|
| 作者: | 陈建为 主编 ;中国建筑文化中心 编 | |
| 分册: | 046 Residential landscape | |
| 出版信息: | 哈尔滨 黑龙江美术出版社 2014 |
|
| 页数: | 124页 | |
| 开本: | 29cm | |
| 丛书名: | ||
| 单 册: | ||
| 中图分类: | TU983 , TU984.12 | |
| 科图分类: | ||
| 主题词: | 景观设计--世界 , 居住区--景观设计 | |
| 电子资源: | ||
| ISBN: | 978-7-5318-4162-3 | |
| 000 | 01187nam0 2200301 450 | |
| 001 | 830 | |
| 005 | 20160912094514.64 | |
| 010 | @a978-7-5318-4162-3@b平装@d45.00 | |
| 100 | @a20141216d2014 em y0chiy50 ea | |
| 101 | 0 | @achi@aeng |
| 102 | @aCN@b230000 | |
| 105 | @aa z 000yy | |
| 200 | 1 | @a中外景观@9zhong wai jing guan@dChinese & overseas landscape@h046@h046@iResidential landscape@i居住区景观@zeng@f中国建筑文化中心[编] |
| 210 | @a哈尔滨@c黑龙江美术出版社@d2014 | |
| 215 | @a124页@d29cm | |
| 300 | @a中国建筑文化中心、北京主语空间文化发展有限公司、北京城市画卷文化传媒有限公司主办 | |
| 304 | @a英文分辑题名取自封面 | |
| 314 | @a版权页题:陈建为主编 | |
| 330 | @a本书邀请开发商、设计师汇聚一堂,共同讨论土地集约利用时代的地产景观设计思路和方法,为读者提供开拓眼界、引发思考的契机。 | |
| 510 | 1 | @aChinese & overseas landscape@h046@iResidential landscape@zeng |
| 606 | 0 | @a景观设计@y世界 |
| 606 | 0 | @a居住区@x景观设计 |
| 690 | @aTU983@v5 | |
| 690 | @aTU984.12@v5 | |
| 701 | 0 | @a陈建为@9chen jian wei@c(建筑)@4主编 |
| 712 | 02 | @a中国建筑文化中心@9zhong guo jian zhu wen hua zhong xin@4编 |
| 801 | 0 | @aCN@b唐山师范学院图书馆@c20160724 |
| 905 | @aZUCC@dTU983@e802 | |
| 中外景观=Chinese & overseas landscape.046.046.Residential landscape.居住区景观/中国建筑文化中心[编].-哈尔滨:黑龙江美术出版社,2014 |
| 124页;29cm |
| 中国建筑文化中心、北京主语空间文化发展有限公司、北京城市画卷文化传媒有限公司主办 |
| ISBN 978-7-5318-4162-3(平装):45.00 |
| 本书邀请开发商、设计师汇聚一堂,共同讨论土地集约利用时代的地产景观设计思路和方法,为读者提供开拓眼界、引发思考的契机。 |
| ● |
| 相关链接 |
|
|
|
|
正题名:中外景观
索取号:TU983/802
 
预约/预借
| 序号 | 登录号 | 条形码 | 馆藏地/架位号 | 状态 | 备注 |
| 1 | 903610 | 209036103 | 第二样本阅览室/ [索取号:TU983/802] | 在馆 | |
| 2 | 903611 | 209036112 | 第三借阅区/ [索取号:TU983/802] | 在馆 | |
| 3 | 903612 | 209036121 | 第三借阅区/ [索取号:TU983/802] | 在馆 | |
| 4 | 903613 | 209036130 | 第三借阅区/ [索取号:TU983/802] | 在馆 | |
| 5 | 903614 | 209036149 | 第三借阅区/ [索取号:TU983/802] | 在馆 |